000 01292cam a22003374a 4500
001 11906797
003 OSt
005 20140310184338.0
008 000209s2001 nyua b 000 0 eng
010 _a 00023984
020 _a9780439585040
040 _aDLC
_cDLC
_dDLC
042 _apcc
_alcac
050 0 0 _aSF 433
_b.H68 2003
100 1 _aHolub, Joan.
_924325
245 1 0 _aWhy do dogs bark? /
_cJoan Holub ; illustrations by Anna DiVito.
260 _aNew York, NY :
_bScholastic Inc.,
_c2003
300 _a48 p. :
_bcol. ill. ;
_c24 cm.
520 _aQuestions and answers present information about the origins, behavior, and characteristics of dogs and their interaction with humans.
521 _aG4
526 _c610
562 _e1
650 0 _aDogs
_xBehavior
_vMiscellanea
_vJuvenile literature.
_924326
650 0 _aDogs
_vMiscellanea
_vJuvenile literature.
_924327
650 1 _aDogs
_vMiscellanea.
_924328
650 1 _aQuestions and answers.
_94945
906 _a7
_bcbc
_corignew
_d1
_eocip
_f20
_gy-gencatlg
942 _2lcc
_cBK-SCHOLAS
999 _c33782
_d33782